Statistiques concernant Les lettres et leur position dans l'alphabet

Cliquez ici pour prendre le quiz!

Statistiques générales

  • Ce quiz a été pris 166 fois
  • Le résultat moyen est 16 sur 26

Statistiques - réponses

PositionsLettres% Correct
5E
100%
1A
95%
8H
88%
2B
87%
9I
87%
10J
84%
13M
83%
11K
82%
20T
81%
12L
78%
4D
77%
25Y
70%
14N
64%
15O
62%
26Z
62%
16P
60%
24X
57%
6F
49%
3C
43%
7G
38%
22V
38%
17Q
32%
18R
31%
19S
30%
21U
30%
23W
23%

Distribution des résultats

Percentile par nombre de réponses

% des personnes avec chaque résultat

Votre développement - résultats

Vous n’avez pas pris ce quiz